Priemyselná scéna je fungujúce dedičstvo
Historický pohľad na hospodársky vývoj Slovenska v čase vzniku Československa. Povojnové turbulencie. Kríza a sťahovanie priemyslu na Slovensko. Vojnová konjunktúra. Rozvoj ťažkého priemyslu po 2. svetovej vojne. Základ slovenských firiem v priemysle.
Saved in:
| Main Author: | |
|---|---|
| Format: | Book Chapter |
| Language: | Slovak |
| Subjects: | |
| Tags: |
No Tags, Be the first to tag this record!
|
MARC
| LEADER | 00000naa a2200000 4500 | ||
|---|---|---|---|
| 001 | 0248640 | ||
| 005 | 20181107074145.7 | ||
| 041 | 0 | |a slo | |
| 044 | |a SK | ||
| 245 | 1 | 0 | |a Priemyselná scéna je fungujúce dedičstvo |c Jozef Ryník |
| 520 | |a Historický pohľad na hospodársky vývoj Slovenska v čase vzniku Československa. Povojnové turbulencie. Kríza a sťahovanie priemyslu na Slovensko. Vojnová konjunktúra. Rozvoj ťažkého priemyslu po 2. svetovej vojne. Základ slovenských firiem v priemysle. | ||
| 610 | 2 | 0 | |a Slovensko |
| 610 | 2 | 0 | |a Československo |
| 610 | 2 | 0 | |a história |
| 610 | 2 | 0 | |a vývoj hospodársky |
| 610 | 2 | 0 | |a priemysel |
| 100 | 1 | |a Ryník, Jozef | |